Germany Country Quiz - Statistics

General Stats
  • This quiz has been taken 27 times
  • The average score is 15 of 20
Answer Stats
Hint Answer % Correct
Capital city Berlin
100%
German word for Germany Deutschland
100%
State Capital of the above Munich
100%
Largest State by Area Bavaria
95%
Financial Capital Frankfurt
95%
Name of the German highway system Autobahn
89%
Capital of West Germany, 1949-1990 Bonn
89%
Longest and most famous rivers Danube
89%
Beer festival hosted in the above Oktoberfest
89%
Longest and most famous rivers Rhine
89%
Country bordered to the north Denmark
84%
Composer of Fur Elise Ludwig Van Beethoven
84%
Name of the German parliament Bundestag
74%
Animal on the coat of arms Eagle
74%
FIFA World Cup titles 4
68%
Famous gateway located in Berlin Brandenburg Gate
68%
Former Currency Deutsche Mark
42%
Castle that was the inspiration behind Walt Disney's, Cinderella's Castle Neuschwanstein
42%
Where the German Parliament meets Reichstag Building
37%
Mountain Range near the border with France Black Forest
26%
No matching quizzes found
Score Distribution
Percent of People with Each Score
Percentile by Number Answered
Your Score History
You have not taken this quiz